Jeux de plateau par image - Statistiques

Statistiques générales
  • Ce quiz a été pris 179 fois
  • Le résultat moyen est 10 sur 18
Statistiques - réponses
Par images Réponse % Correct
Dames
98%
Monopoly
97%
Échecs
96%
Scrabble
96%
Jeu de l'oie
86%
Trivial Pursuit
82%
Cluedo
71%
Petit-Chevaux
71%
Risk
60%
La Bonne Paye
51%
Jeu de Go
39%
Serpents et échelles
39%
Backgammon
37%
Les Aventuriers du Rail
29%
Concept
26%
Dames Chinoises
26%
Les Mystères de Pékin
21%
Othello
21%
Aucun quiz correspondant
Distribution des résultats
% des personnes avec chaque résultat
Percentile par nombre de réponses
Votre historique - résultats
Vous n’avez pas pris ce quiz